• 首页
  • 本馆介绍
  • 公告通知
  • 最新文献
  • 馆藏检索
  • 电子资源
  • 读者导购
  • 参考咨询
  • 我的图书馆
  • 登录
  • 详细信息显示
  • 放入我的书架
  • 预约/预借图书
  • 作者相关作品
  • 分类相关作品
  • 丛书相关作品
  • 出版社相关作品

书目信息

  • 表格格式
  • 工作单格式
  • 卡片格式
题名:
电机的噪声的振动
    
 
作者: 舒波夫 著 ;沈官秋 等译
分册:  
出版信息: 北京   机械工业出版社  1980
页数: 237页
开本: 19cm
丛书名:
单 册:
中图分类: TM301.4
科图分类:
主题词: 电机-噪声-振动 , 振动-噪声-电机 , 噪声-电机-振动
电子资源:
ISBN:
000 00730nam0 2200265 45
001 0180006381
005 20060718164438.40
010    @dCNY0.79
091    @aCN@b15033.4732
100    @a19950615d1980 emky0chiy0121 ea
101 1  @achi@crus
102    @aCN@b110000
105    @ay z 000yy
200 10 @a电机的噪声的振动@Adian ji de zao sheng de zhen dong@f(苏)舒波夫著@g沈官秋等译
210    @a北京@c机械工业出版社@d1980
215    @a237页@d19cm
606    @a电机-噪声-振动
606    @a振动-噪声-电机
606    @a噪声-电机-振动
690    @aTM301.4@v3
701  1 @a舒波夫@Ashu bo fu@4著
702  0 @a沈官秋@Ashen guan qiu@4等译
801  2 @aCN@bNLC@c20060718
801  0 @aCN@bTSSF
905    @a10447@dTM301.4@e30
    
    电机的噪声的振动/(苏)舒波夫著/沈官秋等译.-北京:机械工业出版社,1980
    237页;19cm
    
    
    ISBN :CNY0.79
    
●
相关链接 在E读中查询图书 在五车中查询图书 在当当中查询图书 在豆瓣中查询图书


正题名:电机的噪声的振动     索取号:TM301.4/30         预约/预借

序号 登录号 条形码 馆藏地/架位号 状态 备注
1 0437326   204373267   密集书库/ [索取号:TM301.4/30] 在馆    
唐山师范学院图书馆 欢迎您!
大连网信软件有限公司© 版权所有